000
00245nam a2200097Ia 4500
008
191206s9999 xx 000 0 und d
020
_a
84655254
090
_a
BX2350.65.N49
245
4
_a
The new dictionary of Catholic spirituality
260
_c
c1993
999
_c
17110
_d
17110